[Event "World Blitz 2016"]
[Site "Doha QAT"]
[Date "2016.12.30"]
[Round "19.45"]
[White "Debashis, Das"]
[Black "Atabayev, Yusup"]
[Result "1/2-1/2"]
[WhiteTitle "GM"]
[BlackTitle "IM"]
[WhiteElo "2472"]
[BlackElo "2473"]
[WhiteFideId "5024854"]
[BlackFideId "14001128"]
[EventDate "2016.12.29"]

1. d4 Nf6 2. c4 c5 3. Nf3 cxd4 4. Nxd4 e6 5. Nc3 Nc6 6. a3 a6 7. e4 Qc7 8. Be2
b6 9. O-O Bb7 10. Nf3 Bd6 11. h3 Ne5 12. Nd2 Ng6 13. b4 O-O 14. Bb2 Be5 15. Rc1
Nxe4 16. Ndxe4 Bxe4 17. Nxe4 Bxb2 18. Rb1 Be5 19. c5 Rfd8 20. Bf3 Rab8 21. g3 d5
22. cxd6 Bxd6 23. Qb3 Ne5 24. Bg2 Qc4 25. Qe3 Be7 26. Rfd1 Qc7 27. Rdc1 Qd7 28.
Qe2 Qd3 29. Qxd3 Rxd3 30. a4 Rd4 31. a5 Rxb4 32. Rxb4 Bxb4 33. axb6 Rxb6 34.
Rc8+ Bf8 35. Ra8 Nd7 36. Bf1 Nb8 37. Ra7 h6 38. Nd2 g6 39. Nc4 Rb1 40. Kg2 Nc6
41. Rxa6 Nd4 42. Ra7 Bg7 43. Nd6 Nc6 44. Rxf7 Rd1 45. Rd7 Bf8 46. Ne4 Rxd7 47.
Nf6+ Kg7 48. Nxd7 Bd6 49. Bc4 Nd4 50. Nb6 Kf6 51. Bd3 g5 52. Nc4 Bc7 53. Nd2 Kg7
54. Ne4 Nf5 55. Nc5 Nd4 56. Ne4 Nf5 57. Nc3 Nd4 58. Ne2 1/2-1/2

[Event "World Blitz 2016"]
[Site "Doha QAT"]
[Date "2016.12.30"]
[Round "19.46"]
[White "Atabayev, Maksat"]
[Black "Sanal, Vahap"]
[Result "0-1"]
[WhiteTitle "GM"]
[BlackTitle "GM"]
[WhiteElo "2492"]
[BlackElo "2474"]
[WhiteFideId "14001101"]
[BlackFideId "6300545"]
[EventDate "2016.12.29"]

1. Nf3 Nf6 2. c4 e6 3. g3 d5 4. b3 b6 5. Bg2 Bb7 6. O-O Be7 7. Bb2 O-O 8. d3 c5
9. e3 Nc6 10. Nc3 Qd7 11. Qe2 Rfd8 12. Rad1 Rac8 13. Rfe1 Qe8 14. e4 d4 15. Nb1
e5 16. Rf1 Rc7 17. Bh3 g6 18. Bc1 Nh5 19. Ne1 Bc8 20. Bxc8 Rcxc8 21. Qg4 Qd7 22.
Qxd7 Rxd7 23. Nc2 f5 24. Nd2 Rf8 25. Rde1 Bd6 26. exf5 gxf5 27. a3 Rg7 28. Kh1
Rg6 29. b4 cxb4 30. axb4 Bxb4 31. Nxb4 Nxb4 32. Rxe5 Nxd3 33. Rd5 Rff6 34. Rxd4
Rd6 35. Rxd6 Rxd6 36. Ba3 Re6 37. Nf3 Re2 38. Kg1 Ra2 39. Bd6 Nf6 40. Ne5 Nxf2
41. Rxf2 Rxf2 42. Kxf2 Ne4+ 43. Ke3 Nxd6 44. Kd4 Kg7 45. Kd5 Ne4 46. Nc6 a5 47.
Ne7 Kf6 48. Nc8 a4 49. Kd4 a3 0-1

[Event "World Blitz 2016"]
[Site "Doha QAT"]
[Date "2016.12.30"]
[Round "19.47"]
[White "Venkatesh, M.R."]
[Black "Darini, Pouria"]
[Result "0-1"]
[WhiteTitle "GM"]
[BlackTitle "GM"]
[WhiteElo "2439"]
[BlackElo "2511"]
[WhiteFideId "5005779"]
[BlackFideId "12502200"]
[EventDate "2016.12.29"]

1. Nf3 Nf6 2. g3 g6 3. Bg2 Bg7 4. d3 d5 5. Nbd2 O-O 6. O-O Nc6 7. e4 dxe4 8.
dxe4 Nd7 9. Re1 Nc5 10. h3 a5 11. e5 a4 12. a3 Be6 13. Qe2 Bd5 14. Rd1 Qc8 15.
Qe3 Nd7 16. e6 Bxe6 17. Ne4 Nb6 18. Neg5 Bd5 19. h4 Nc4 20. Qe2 e6 21. Rb1 h6
22. Nh3 N4e5 23. Nf4 Nxf3+ 24. Bxf3 Nd4 25. Rxd4 Bxf3 26. Qe3 e5 27. Rc4 Bc6 28.
Ne2 Qh3 29. f3 Rad8 30. Bd2 Rxd2 31. Qxd2 Bxf3 32. Kf2 Qg2+ 33. Ke3 h5 34. Nf4
exf4+ 35. Rxf4 Re8+ 0-1

[Event "World Blitz 2016"]
[Site "Doha QAT"]
[Date "2016.12.30"]
[Round "19.48"]
[White "Saeed, Ishaq"]
[Black "Neelotpal, Das"]
[Result "0-1"]
[WhiteTitle "FM"]
[BlackTitle "GM"]
[WhiteElo "2312"]
[BlackElo "2463"]
[WhiteFideId "9301453"]
[BlackFideId "5003512"]
[EventDate "2016.12.29"]

1. Nf3 Nf6 2. g3 d5 3. Bg2 Bf5 4. O-O h6 5. e3 e6 6. b3 Be7 7. Bb2 O-O 8. d3 a5
9. Nbd2 a4 10. Qe2 c6 11. e4 Bh7 12. Rfe1 Na6 13. c3 Nc5 14. Ne5 Qc7 15. f4 dxe4
16. dxe4 Rfd8 17. b4 a3 18. Bc1 Na4 19. Nb1 c5 20. Bxa3 cxb4 21. Bxb4 Bxb4 22.
cxb4 Qb6+ 23. Kh1 Qxb4 24. a3 Qd4 25. Ra2 Nc5 26. Rd2 Qa1 27. Rxd8+ Rxd8 28. Nd2
Qxa3 29. f5 Qc3 30. Ndc4 exf5 31. exf5 Bxf5 32. Nb6 Nce4 33. Rf1 Qxe5 34. Nc4
Qc5 35. Ne3 Bg6 36. Ra1 Re8 37. Qd3 Nf2+ 0-1

[Event "World Blitz 2016"]
[Site "Doha QAT"]
[Date "2016.12.30"]
[Round "19.49"]
[White "Gholami, Aryan"]
[Black "Shytaj, Luca"]
[Result "1/2-1/2"]
[WhiteTitle "IM"]
[BlackTitle "IM"]
[WhiteElo "2422"]
[BlackElo "2435"]
[WhiteFideId "12513342"]
[BlackFideId "812633"]
[EventDate "2016.12.29"]

1. c4 e6 2. Nc3 b6 3. d4 Bb7 4. a3 Nf6 5. Nf3 Be7 6. d5 O-O 7. e4 d6 8. Bd3 e5
9. O-O a5 10. Rb1 Bc8 11. b4 axb4 12. axb4 Bg4 13. h3 Bxf3 14. Qxf3 Nbd7 15. Qe2
Ne8 16. Bb2 Bg5 17. Ra1 Rxa1 18. Rxa1 Qf6 19. Ra7 Qh6 20. Nb5 Bd8 21. Ra8 Nef6
22. Rc8 Nh5 23. g3 Qg6 24. Qg4 Qxg4 25. hxg4 Nhf6 26. f3 h5 27. gxh5 Nxh5 28.
Kg2 g6 29. Nxc7 Bg5 30. Rxf8+ Kxf8 31. Ba3 Bd2 32. Na6 Be1 33. c5 bxc5 34. bxc5
dxc5 35. Nxc5 Ndf6 36. Nd7+ Kg7 37. Bf8+ Kg8 38. Nxf6+ Kxf8 39. Nxh5 gxh5 40.
Kh3 Ke7 41. Kh4 Kf6 42. Bb5 Kg6 43. d6 Bb4 44. d7 Be7+ 45. Kh3 Kg7 46. Kg2 Bd8
47. Kf1 Kg6 48. Ke2 Kg5 49. Bc4 Kf6 50. Kd3 Ke7 51. Bb5 Kd6 52. Ke2 h4 53. gxh4
Bxh4 54. Kf1 Ke7 55. Kg2 f6 56. Kh3 Bg5 57. Kg4 Kd8 58. Kf5 Ke7 59. Ba4 Bh4 60.
Kg4 Bg5 61. Kg3 Kd8 62. Kf2 Ke7 63. Ke2 Kd8 64. Kd3 Bh4 65. Kc4 Bg5 66. Kd5 Bh4
67. Ke6 Bg5 68. Bb5 Bh4 69. Kf5 Bg5 70. f4 Bxf4 71. Kxf6 Bg3 1/2-1/2

[Event "World Blitz 2016"]
[Site "Doha QAT"]
[Date "2016.12.30"]
[Round "19.50"]
[White "Gashimov, Sarkhan"]
[Black "Hirneise, Tobias"]
[Result "0-1"]
[BlackTitle "IM"]
[WhiteElo "2351"]
[BlackElo "2466"]
[WhiteFideId "13400657"]
[BlackFideId "24600881"]
[EventDate "2016.12.29"]

1. Nf3 c5 2. b3 d5 3. e3 a6 4. c4 d4 5. exd4 cxd4 6. g3 Nc6 7. Bg2 e5 8. O-O f6
9. a3 Be6 10. d3 a5 11. Nh4 Bd6 12. f4 exf4 13. gxf4 Nge7 14. f5 Bf7 15. Nd2 Qc7
16. h3 O-O 17. Ne4 Ne5 18. Kh1 N7c6 19. Rg1 Kh8 20. Qe2 Rae8 21. Bd2 Nd7 22. Bf3
Nce5 23. b4 Nxf3 24. Qxf3 Ne5 25. Qg2 Rg8 26. c5 Bf8 27. Bf4 Qd7 28. Rad1 Bh5
29. Rd2 axb4 30. axb4 Qf7 31. Qg3 b6 32. Kh2 bxc5 33. bxc5 Qd5 34. Bxe5 Rxe5 35.
Rc2 Qc6 36. Qf4 Be7 37. Qg3 Bd8 38. Kh1 Bc7 39. Qf2 Rxe4 40. dxe4 Qxe4+ 41. Ng2
Bf3 42. Rf1 Qf4 43. Qg1 0-1

[Event "World Blitz 2016"]
[Site "Doha QAT"]
[Date "2016.12.30"]
[Round "19.51"]
[White "Tissir, Mohamed"]
[Black "Xu, Yi"]
[Result "0-1"]
[WhiteTitle "IM"]
[BlackTitle "IM"]
[WhiteElo "2376"]
[BlackElo "2430"]
[WhiteFideId "9000240"]
[BlackFideId "8605564"]
[EventDate "2016.12.29"]

1. e4 e5 2. Nf3 Nc6 3. Bc4 Bc5 4. c3 Nf6 5. d3 d6 6. Bb3 a6 7. Nbd2 O-O 8. Nf1
h6 9. Ng3 Be6 10. O-O Re8 11. h3 d5 12. Qe2 Qd7 13. Nh4 Rad8 14. Qf3 Nh7 15.
Nhf5 Bf8 16. Re1 Kh8 17. Be3 Na5 18. Bc2 dxe4 19. dxe4 Nc4 20. Bc1 Qc6 21. h4
Nd2 22. Qe2 Nc4 23. b3 Na3 24. Bxa3 Bxa3 25. c4 Bf8 26. Rad1 g6 27. Ne3 h5 28.
Nd5 Bh6 29. Rf1 Qc5 30. Qf3 Bg7 31. Qc3 c6 32. Nc7 Qe7 33. Nxe8 Rxe8 34. c5 Qxh4
35. Ne2 Bg4 36. f3 Be6 37. Qe3 Qe7 38. b4 Bf6 39. a3 Bg5 40. Qd3 Bh6 41. g3 h4
42. Kg2 hxg3 43. Rh1 Kg7 44. Qc3 f6 45. Rd6 Bf4 46. Nxf4 exf4 47. e5 fxe5 48.
Qxe5+ Nf6 49. Qg5 Bh3+ 50. Kxh3 Rh8+ 51. Qh4 Rxh4+ 52. Kxh4 Ne4+ 53. Kh3 Nf2+
54. Kg2 Nxh1 55. Rxg6+ Kf8 56. Bb3 Qe2+ 57. Kh3 Qh2+ 58. Kg4 g2 59. Kf5 Qh5+ 60.
Kf6 Qxg6+ 61. Kxg6 g1=Q+ 0-1

[Event "World Blitz 2016"]
[Site "Doha QAT"]
[Date "2016.12.30"]
[Round "19.52"]
[White "Quintiliano Pinto, Renato R."]
[Black "Stratonowitsch, Andre"]
[Result "1-0"]
[WhiteTitle "IM"]
[WhiteElo "2484"]
[BlackElo "2138"]
[WhiteFideId "2117568"]
[BlackFideId "24613959"]
[EventDate "2016.12.29"]

1. d4 f5 2. g3 Nf6 3. Bg2 g6 4. c4 Bg7 5. Nc3 O-O 6. Nf3 d6 7. O-O c6 8. Rb1 Qc7
9. Qb3 e5 10. c5+ Qf7 11. Qxf7+ Rxf7 12. dxe5 dxe5 13. Nxe5 Re7 14. Nc4 Na6 15.
b4 Ng4 16. Bd2 Be6 17. Nd6 Bxc3 18. Bxc3 Bxa2 19. Rb2 Be6 20. h3 Nh6 21. Ra1 Nf7
22. Nxb7 Bd5 23. Bxd5 cxd5 24. Rxa6 Rxb7 25. Rd2 Rd8 26. Rda2 Ng5 27. Rxa7 Rxa7
28. Rxa7 d4 29. Bd2 Ne4 30. Bf4 Nc3 31. Kf1 Re8 32. c6 Nxe2 33. Bd2 Nc3 34. Bxc3
dxc3 35. Ra3 1-0

[Event "World Blitz 2016"]
[Site "Doha QAT"]
[Date "2016.12.30"]
[Round "19.53"]
[White "khayat, Abdullah F"]
[Black "Kayumov, Sergey"]
[Result "0-1"]
[BlackTitle "GM"]
[WhiteElo "1732"]
[BlackElo "2505"]
[WhiteFideId "21500460"]
[BlackFideId "14200880"]
[EventDate "2016.12.29"]

1. d4 Nf6 2. c4 Nc6 3. Nf3 e6 4. g3 Bb4+ 5. Bd2 Qe7 6. Bg2 Ne4 7. Nc3 Nxd2 8.
Qxd2 Qd8 9. a3 Be7 10. O-O O-O 11. e4 d6 12. Rfe1 e5 13. d5 Na5 14. Qd3 Nb3 15.
Rab1 f5 16. Nd2 Nxd2 17. Qxd2 Bg5 18. Qc2 f4 19. b4 Qe7 20. Qd3 h5 21. h4 Bh6
22. Bf3 g6 23. Kg2 Rf7 24. Rh1 Bd7 25. Rbf1 Raf8 26. Bd1 Rf6 27. f3 fxg3 28. Be2
Rf4 29. Nd1 Rxh4 30. Rxh4 Qxh4 31. Rh1 Qg5 32. Nb2 h4 33. Rh3 Bxh3+ 34. Kxh3 g2
35. Qe3 Qg3# 0-1